000 01282nam a22003254a 4500
001 ebr10178063
003 CaPaEBR
006 m u
007 cr cn|||||||||
008 060605s2007 nyua sb 001 0 eng
010 _z 2006044369
020 _z9780765618023 (alk. paper)
020 _z0765618028 (alk. paper)
040 _aCaPaEBR
_cCaPaEBR
035 _a(OCoLC)560388449
050 1 4 _aHF1379
_b.V363 2007eb
082 0 4 _a338.9
_222
100 1 _aVan den Berg, Hendrik,
_d1949-
245 1 0 _aInternational trade and economic growth
_h[electronic resource] /
_cHendrik Van den Berg and Joshua J. Lewer.
260 _aArmonk, New York :
_bM.E. Sharpe,
_cc2007.
300 _axix ,305 p. :
_bill.
504 _aIncludes bibliographical references, ( p. 263-283) and index.
533 _aElectronic reproduction.
_bPalo Alto, Calif. :
_cebrary,
_d2013.
_nAvailable via World Wide Web.
_nAccess may be limited to ebrary affiliated libraries.
650 0 _aInternational trade.
650 0 _aEconomic development.
655 7 _aElectronic books.
_2local
700 1 _aLewer, Joshua J.,
_d1972-
710 2 _aebrary, Inc.
856 4 0 _uhttp://site.ebrary.com/lib/rucke/Doc?id=10178063
_zAn electronic book accessible through the World Wide Web; click to view
999 _c236684
_d236684